Restructuring England's social housing sector since 1989 (Record no. 77805)

MARC details
000 -LEADER
fixed length control field 01131cab a2200205 4500
001 - CONTROL NUMBER
control field ##L135151
008 - FIXED-LENGTH DATA ELEMENTS--GENERAL INFORMATION
fixed length control field 060929n2006 000 0 eng u
035 ## - SYSTEM CONTROL NUMBER
System control number (Sirsi) u135151
041 0# - LANGUAGE CODE
Language code of text/sound track or separate title eng
100 1# - MAIN ENTRY--PERSONAL NAME
Personal name Pawson, Hal
245 00 - TITLE STATEMENT
Title Restructuring England's social housing sector since 1989
Remainder of title undermining or underpinning the fundamentals of public housing?
260 ## - PUBLICATION, DISTRIBUTION, ETC.
Date of publication, distribution, etc. 2006
490 ## - SERIES STATEMENT
Series statement Housing Studies
Volume/sequential designation 21(5) September 2006, 767-783(17)
520 ## - SUMMARY, ETC.
Summary, etc. England's social housing sector has since 1989 undergone far-reaching restructuring. Charts the process of change focusing in particular on developments under the Blair administrations since 1997. Discusses the external pressures experienced by social landlords over this period either from central government policy initiatives or from changing housing market conditions. Analyses the evolving structure of the sector post-1997. Figures. References. ([Taken in from journal abstract].
590 ## - LOCAL NOTE (RLIN)
Local note IKA031006, KA
650 24 - SUBJECT ADDED ENTRY--TOPICAL TERM
Topical term or geographic name entry element Affordable housing
9 (RLIN) 6215
651 #4 - SUBJECT ADDED ENTRY--GEOGRAPHIC NAME
Geographic name England
Chronological subdivision 886-
690 ## - LOCAL SUBJECT ADDED ENTRY--TOPICAL TERM (OCLC, RLIN)
Topical term or geographic name as entry element PROPERTY-RESIDENTIAL PROPERTY-RESIDENTIAL PROPERTY MARKET
942 ## - ADDED ENTRY ELEMENTS (KOHA)
Suppress in OPAC 0
Holdings
Withdrawn status Lost status Source of classification or shelving scheme Damaged status Not for loan Home library Current library Shelving location Date acquired Total Checkouts Full call number Barcode Date last seen Copy number Price effective from Koha item type
    Dewey Decimal Classification     London London Journal article 29/09/2006   L135151 135151-1001 06/08/2019 1 06/08/2019 Journal article